Pour l'électricien (notice nᵒ 34814)
[ vue normale ]
| 000 -LEADER | |
|---|---|
| fixed length control field | 00400nam a2200157 4500 |
| 005 - DATE AND TIME OF LATEST TRANSACTION | |
| control field | 20220911152149.0 |
| 037 ## - SOURCE D'ACQUISITION | |
| Cote | BC_456 71 |
| 040 ## - SOURCE DU CATALOGAGE | |
| Origine cataloguage | BC-ENSA |
| Langue du catalogage | fre |
| 041 ## - CODE DE LANGUE | |
| Langue | Français |
| Langue du résumé | Français |
| 100 ## - VEDETTE PRINCIPALE - AUTEUR PRINCIPAL | |
| Auteur | GRUBER, B. |
| 245 ## - MENTION DU TITRE | |
| Titre | Pour l'électricien |
| Complément de titre | 7 formules suffisent |
| Volume | TOME 1 |
| 260 ## - PUBLICATION, DIFFUSION, ETC. (ADRESSE BIBLIOGRAPHIQUE) | |
| Lieu d'édition | PARIS |
| Nom de l'éditeur | DUNUD |
| Année d'édition | 1968 |
| 562 ## - NOTE D'IDENTIFICATION DES EXEMPLAIRES ET VERSIONS | |
| Numbre d' exemplaire | 01 exemplaire(s) |
| 942 ## - ADDED ENTRY ELEMENTS (KOHA) | |
| Type document | Ouvrage |
| 650 ## - DESCRIPTEURS | |
| Agrovoc | ELECTRICIEN/COMPAGNON/MAITRE |
| statut de retrait | Statut | emplacement permanent | Localisation actuelle | emplacement rayonnages | Cote | code à barre | Koha type d'élément |
|---|---|---|---|---|---|---|---|
| Bibliothèque Centrale | Bibliothèque Centrale | Magasin sous sol | BC_456 71 | BC_456 71 | Ouvrage |